[Event "IMSA Blitz Women 2019"]
[Site "Hengshui"]
[Date "2019.05.17"]
[Round "1.2"]
[White "Krush, Irina"]
[Black "Stefanova, Antoaneta"]
[Result "1-0"]
[WhiteElo "2422"]
[BlackElo "2470"]
[Annotator "TA"]
[PlyCount "77"]
[EventDate "2019.05.17"]
[EventType "blitz"]
[EventCountry "CHN"]
[SourceTitle "playchess.com"]
[Source "ChessBase"]
[SourceQuality "1"]

{[%evp 18,76,29,23,27,28,37,0,0,-8,25,0,0,12,10,5,36,20,22,26,14,13,43,35,47,44,44,52,49,34,36,0,61,72,133,0,63,88,59,76,52,24,400,231,224,70,1018,1067,1058,1016,962,960,6369,3913,29996,29997,29997,29998,29998,29999,29999]} 1. d4 d5 2. c4 c6 3. cxd5 cxd5 4. Bf4 Nf6 5. Nc3 a6 6. e3 Nc6 7. Bd3 Bg4 8. Nge2 e6 9. O-O Be7 10. Rc1 O-O {D10: Slav Defence: 3 cxd5 (without early Nf3) and 3 Nc3} 11. h3 (11. Na4 Nd7 12. Bg3 Bh5 13. Qb3 Nb4 14. Nf4 Nxd3 15. Qxd3 Bg4 16. Qb3 b5 17. Nc5 Nxc5 18. dxc5 {0-1 (57) Krush,I (2458)-Stefanova,A (2509) Huaian 2016}) 11... Bh5 12. Bg3 Rc8 {The position is equal.} 13. Na4 Nd7 14. a3 (14. Qd2 {seems wilder.} f5 15. Rc2 g5 16. f3 Bg6 17. a3) 14... b5 15. Nc5 Nxc5 16. dxc5 {[#]} e5 $146 ({Predecessor:} 16... Na5 17. b4 Nc4 {0-1 (34) Fodor,T (2482)-Laznicka,V (2702) Plovdiv 2012}) 17. b4 f5 18. Bh2 Kh8 19. Qd2 e4 20. Bb1 Bxe2 21. Qxe2 {And now Rcd1 would win.} d4 22. exd4 Nxd4 23. Qa2 Qe8 24. Rfd1 Bf6 ({Black should try} 24... Bg5 $11) 25. Bd6 $14 Rg8 {[#]} (25... Rf7 $142) 26. Re1 ({White has to play} 26. Rxd4 $1 $16 Bxd4 27. Qd5) 26... Qg6 (26... Qc6 $11) 27. Kh1 Rge8 28. Rcd1 $36 {[%mdl 2048] White has strong initiative.} Qh5 29. Qd5 e3 $2 {[%mdl 8192]} (29... Ne2 $11 {and Black has nothing to worry.}) 30. fxe3 (30. Rxd4 $142 exf2 31. Rf1) 30... Rxe3 $18 {intending ...Rd8.} 31. Ba2 $2 (31. Kh2 $18) 31... Rce8 $2 {[%mdl 8192] [#]} (31... h6 $14) 32. Rxe3 $1 Qxd1+ 33. Kh2 {[%cal Re3e8]} Rd8 34. Qf7 {White wants to mate with Re8+.} h6 35. Re8+ Rxe8 36. Qxe8+ {White mates.} Kh7 37. Bg8+ Kh8 38. Bf7+ Kh7 39. Bg6# {Accuracy: White = 46%, Black = 24%.} 1-0

[Event "IMSA Blitz Women 2019"]
[Site "Hengshui"]
[Date "2019.05.17"]
[Round "1.9"]
[White "Ushenina, Anna"]
[Black "Lei, Tingjie"]
[Result "1-0"]
[WhiteElo "2442"]
[BlackElo "2507"]
[Annotator "RC"]
[PlyCount "141"]
[EventDate "2019.05.17"]
[EventType "blitz"]
[EventCountry "CHN"]
[SourceTitle "playchess.com"]
[Source "ChessBase"]
[SourceQuality "1"]
[TimeControl "180+2"]

1. d4 {[%emt 0:00:00]} Nf6 {[%emt 0:00:00]} 2. Nf3 {[%emt 0:00:01]} d5 {[%emt 0:00:04]} 3. c4 {[%emt 0:00:02]} e6 {[%emt 0:00:02]} 4. e3 {[%emt 0:00:02]} b6 {[%emt 0:00:10]} 5. b3 {[%emt 0:00:19]} Bd6 {[%emt 0:00:04]} 6. Bb2 {[%emt 0:00:01]} Bb7 {[%emt 0:00:01]} 7. Nbd2 {[%emt 0:00:05]} Nbd7 {[%emt 0:00:04]} 8. Bd3 {[%emt 0:00:04]} O-O {[%emt 0:00:08]} 9. O-O {[%emt 0:00:01]} Re8 {[%emt 0:00:04]} 10. Ne5 {[%emt 0:00:09]} c5 {[%emt 0:00:16]} 11. f4 {[%emt 0:00:06]} cxd4 {[%emt 0:00:02]} 12. exd4 {[%emt 0:00:01]} Rc8 {[%emt 0:00:26]} 13. Qe2 {[%emt 0:00:02]} Qe7 {[%emt 0:00:07]} 14. a3 {[%emt 0:00:19]} Nf8 {[%emt 0:00:05]} 15. f5 {[%emt 0:00:19]} dxc4 {[%emt 0:00:24]} 16. Ndxc4 {[%emt 0:00:08]} Bb8 {[%emt 0:00:02]} 17. Rf2 {[%emt 0:00:15]} exf5 {[%emt 0:00:24]} 18. Bxf5 {[%emt 0:00:03]} Rcd8 {[%emt 0:00:02]} 19. Raf1 {[%emt 0:00:05]} Ng6 {[%emt 0:00:04]} 20. a4 {[%emt 0:00:15]} Bd5 {[%emt 0:00:04]} 21. Qc2 {[%emt 0:00:14]} Bb7 {[%emt 0:00:58]} 22. Bd3 {[%emt 0:00:24]} Bd5 {[%emt 0:00:07]} 23. Ne3 {[%emt 0:00:12]} Nxe5 {[%emt 0:00:03]} 24. dxe5 {[%emt 0:00:02]} Bxe5 {[%emt 0:00:01]} 25. Nf5 {[%emt 0:00:00]} Qf8 {[%emt 0:00:03]} 26. Bxe5 {[%emt 0:00:04]} Rxe5 {[%emt 0:00:01]} 27. Nxg7 {[%emt 0:00:07]} Qxg7 {[%emt 0:00:03]} 28. Rxf6 {[%emt 0:00:01]} Rg5 {[%emt 0:00:03]} 29. R6f2 {[%emt 0:00:03]} Bxg2 {[%emt 0:00:03]} 30. Bxh7+ {[%emt 0:00:05]} Qxh7 {[%emt 0:00:02]} 31. Qxh7+ {[%emt 0:00:02]} Kxh7 {[%emt 0:00:01]} 32. Rxg2 {[%emt 0:00:03]} Rxg2+ {[%emt 0:00:00]} 33. Kxg2 {[%emt 0:00:01]} Kg6 {[%emt 0:00:01]} 34. Rf3 {[%emt 0:00:08]} Rd4 {[%emt 0:00:02]} 35. Rc3 {[%emt 0:00:04]} f6 {[%emt 0:00:01]} 36. Rc7 {[%emt 0:00:03]} a5 {[%emt 0:00:01]} 37. Rc6 {[%emt 0:00:02]} Rb4 {[%emt 0:00:01]} 38. Rc3 {[%emt 0:00:01]} Kg5 {[%emt 0:00:02]} 39. Kf3 {[%emt 0:00:03]} Rh4 {[%emt 0:00:02]} 40. Kg3 {[%emt 0:00:02]} Rg4+ {[%emt 0:00:01]} 41. Kf3 {[%emt 0:00:00]} f5 {[%emt 0:00:02]} 42. Rc8 {[%emt 0:00:05]} Rb4 {[%emt 0:00:03]} 43. Rc3 {[%emt 0:00:01]} Kf6 {[%emt 0:00:03]} 44. Re3 {[%emt 0:00:01]} Rh4 {[%emt 0:00:02]} 45. Re2 {[%emt 0:00:04]} Rh3+ {[%emt 0:00:01]} 46. Kg2 {[%emt 0:00:04]} Rxb3 {[%emt 0:00:02]} 47. Rc2 {[%emt 0:00:03]} Kg5 {[%emt 0:00:01]} 48. Rc6 {[%emt 0:00:02]} Kg4 {[%emt 0:00:03]} 49. Re6 {[%emt 0:00:06]} Rb2+ {[%emt 0:00:02]} 50. Kg1 {[%emt 0:00:06]} f4 {[%emt 0:00:01]} 51. Rg6+ {[%emt 0:00:02]} Kf3 52. h4 Rb1+ {[%emt 0:00:07]} 53. Kh2 {[%emt 0:00:01]} Rb2+ {[%emt 0:00:00]} 54. Kg1 {[%emt 0:00:00]} b5 {[%emt 0:00:05]} 55. axb5 {[%emt 0:00:05]} a4 {[%emt 0:00:01]} 56. Ra6 {[%emt 0:00:03]} Kg3 {[%emt 0:00:02]} 57. Rg6+ {[%emt 0:00:04]} Kxh4 {[%emt 0:00:01]} 58. Ra6 {[%emt 0:00:01]} Kg3 {[%emt 0:00:01]} 59. Rg6+ {[%emt 0:00:01]} Kf3 {[%emt 0:00:01]} 60. Ra6 {[%emt 0:00:00]} Rb4 {[%emt 0:00:08]} 61. b6 {[%emt 0:00:01]} Ke2 {[%emt 0:00:02]} 62. b7 {[%emt 0:00:01]} f3 {[%emt 0:00:03]} 63. Rxa4 {[%emt 0:00:04]} f2+ {[%emt 0:00:02]} 64. Kh2 {[%emt 0:00:01]} Rxa4 {[%emt 0:00:02]} 65. b8=Q {[%emt 0:00:02]} f1=Q {[%emt 0:00:03]} 66. Qb5+ {[%emt 0:00:02]} Kf2 {[%emt 0:00:02]} 67. Qf5+ {[%emt 0:00:03]} Ke1 {[%emt 0:00:02]} 68. Qb1+ {[%emt 0:00:02]} Kf2 69. Qf5+ Ke2 70. Qb5+ Kf2 71. Qf5+ 1-0

[Event "IMSA Blitz Women 2019"]
[Site "Hengshui"]
[Date "2019.05.17"]
[Round "1.10"]
[White "Gunina, Valentina"]
[Black "Bodnaruk, Anastasia"]
[Result "1-0"]
[WhiteElo "2506"]
[BlackElo "2431"]
[Annotator "TA"]
[PlyCount "67"]
[EventDate "2019.05.17"]
[EventType "blitz"]
[EventCountry "CHN"]
[SourceTitle "playchess.com"]
[Source "ChessBase"]
[SourceQuality "1"]

{[%evp 9,67,22,23,19,18,16,28,12,16,23,51,30,26,0,0,0,0,0,0,0,0,-2,0,0,5,0,22,4,19,0,2,0,20,10,77,72,80,68,99,112,151,120,179,184,159,95,158,148,164,111,384,381,520,520,29989,29990,29990,29991,29992,29991]} 1. e4 c5 2. Nf3 d6 3. d4 cxd4 4. Qxd4 a6 5. Be2 Nc6 6. Qe3 {B53: Sicilian: 2...d6: Lines with Qxd4} g6 7. O-O Bg7 8. c4 {White has an edge.} (8. h3 Nf6 9. Rd1 Nd7 10. c4 O-O 11. Nc3 Nde5 12. Nxe5 Nxe5 {½-½ (146) Harikrishna,P (2730)-Andriasian,Z (2604) chess.com INT 2019}) 8... Bg4 9. Rd1 e5 $146 ({Predecessor:} 9... Qa5 10. Nc3 Nf6 11. Bd2 O-O 12. Rac1 Rac8 {1-0 (58) Hracek,Z (2569)-Raykhman,A (2387) Germany 2019}) 10. Qc3 Nd4 11. Nxd4 (11. Qd3 {keeps more tension.} Bxf3 12. Bxf3 Ne7 13. Bg5 h6 14. Be3) 11... exd4 12. Qd3 Bxe2 13. Qxe2 Ne7 14. Bg5 O-O 15. Nd2 Qd7 16. Bxe7 Qxe7 17. Qd3 Rae8 18. Re1 f5 19. f3 Qe5 20. g3 f4 21. g4 h5 {[#]} (21... Rf7 $11 {remains equal.}) 22. gxh5 $1 $16 Qxh5 23. Re2 g5 24. Rg2 Bf6 25. Rf1 Re7 (25... Rc8 $16) 26. Nb3 $18 Qh8 27. Rff2 (27. Rd1 $142) 27... Rh7 ({Better is} 27... Kf7) 28. c5 $16 dxc5 29. Qc4+ (29. Nxc5 $18 {Ne6 is the strong threat.} Rc8 30. Ne6) 29... Rff7 $2 {[%mdl 8192]} (29... Kg7 $16) 30. Nxc5 $18 Rh3 31. Ne6 Kh7 (31... Rh5 $18 32. Nxf4 Be7 33. Nxh5 Qxh5 34. Qxd4 Qh6) 32. Nxg5+ {[%mdl 64] [#] Discovered Attack. White mates.} Bxg5 33. Qxf7+ {[%mdl 64] Double Attack} Kh6 34. Qe6+ {Accuracy: White = 58%, Black = 29%.} 1-0

[Event "IMSA Blitz Women 2019"]
[Site "Hengshui"]
[Date "2019.05.17"]
[Round "1.11"]
[White "Tan, Zhongyi"]
[Black "Dzagnidze, Nana"]
[Result "0-1"]
[WhiteElo "2513"]
[BlackElo "2510"]
[Annotator "RC"]
[PlyCount "112"]
[EventDate "2019.05.17"]
[EventType "blitz"]
[EventCountry "CHN"]
[SourceTitle "playchess.com"]
[Source "ChessBase"]
[SourceQuality "1"]
[TimeControl "180+2"]

1. c4 {[%emt 0:00:00]} e5 {[%emt 0:00:01]} 2. Nc3 {[%emt 0:00:01]} Nc6 {[%emt 0:00:02]} 3. Nf3 {[%emt 0:00:01]} Bb4 {[%emt 0:00:04]} 4. e3 {[%emt 0:00:24]} Bxc3 {[%emt 0:00:07]} 5. bxc3 {[%emt 0:00:02]} d6 {[%emt 0:00:06]} 6. d3 {[%emt 0:00:05]} Nge7 {[%emt 0:00:10]} 7. g3 {[%emt 0:00:13]} O-O {[%emt 0:00:26]} 8. Bg2 {[%emt 0:00:02]} h6 {[%emt 0:00:34]} 9. Rb1 {[%emt 0:00:07]} Rb8 {[%emt 0:00:02]} 10. O-O {[%emt 0:00:06]} Be6 {[%emt 0:00:01]} 11. Nd2 {[%emt 0:00:08]} Qd7 {[%emt 0:00:07]} 12. e4 {[%emt 0:00:26]} Bh3 {[%emt 0:00:07]} 13. Qe2 {[%emt 0:00:16]} Bxg2 {[%emt 0:00:07]} 14. Kxg2 {[%emt 0:00:02]} f5 {[%emt 0:00:01]} 15. f4 {[%emt 0:00:07]} b6 {[%emt 0:00:02]} 16. Nf3 {[%emt 0:00:09]} exf4 {[%emt 0:00:08]} 17. Bxf4 Ng6 18. Nd4 {[%emt 0:00:27]} Rbe8 {[%emt 0:00:08]} 19. Qh5 {[%emt 0:00:21]} Nxf4+ {[%emt 0:00:41]} 20. Rxf4 {[%emt 0:00:02]} Nxd4 {[%emt 0:00:02]} 21. cxd4 {[%emt 0:00:03]} Qa4 {[%emt 0:00:18]} 22. Rb2 {[%emt 0:00:26]} Qa3 {[%emt 0:00:09]} 23. Qe2 {[%emt 0:00:04]} fxe4 {[%emt 0:00:02]} 24. Rxf8+ {[%emt 0:00:06]} Kxf8 {[%emt 0:00:09]} 25. dxe4 {[%emt 0:00:01]} Rxe4 {[%emt 0:00:07]} 26. Qf1+ {[%emt 0:00:08]} Kg8 {[%emt 0:00:02]} 27. Rf2 {[%emt 0:00:01]} Re8 {[%emt 0:00:02]} 28. Qb1 {[%emt 0:00:04]} Qe3 {[%emt 0:00:02]} 29. Qb5 {[%emt 0:00:03]} Qe4+ {[%emt 0:00:03]} 30. Kg1 {[%emt 0:00:01]} c6 {[%emt 0:00:02]} 31. Qh5 {[%emt 0:00:02]} Re7 {[%emt 0:00:02]} 32. Rf4 {[%emt 0:00:03]} Qe1+ {[%emt 0:00:02]} 33. Kg2 {[%emt 0:00:01]} Qe2+ {[%emt 0:00:01]} 34. Qxe2 {[%emt 0:00:03]} Rxe2+ {[%emt 0:00:01]} 35. Kh3 {[%emt 0:00:02]} Rxa2 {[%emt 0:00:01]} 36. Re4 {[%emt 0:00:01]} Rd2 {[%emt 0:00:02]} 37. Re8+ {[%emt 0:00:03]} Kf7 {[%emt 0:00:01]} 38. Rc8 {[%emt 0:00:01]} c5 {[%emt 0:00:05]} 39. dxc5 {[%emt 0:00:02]} dxc5 {[%emt 0:00:01]} 40. Rc7+ {[%emt 0:00:01]} Kf6 {[%emt 0:00:01]} 41. Rxa7 {[%emt 0:00:01]} Rb2 {[%emt 0:00:02]} 42. Rc7 {[%emt 0:00:01]} Rb4 {[%emt 0:00:01]} 43. Kg2 {[%emt 0:00:02]} Ke5 {[%emt 0:00:04]} 44. Rxg7 {[%emt 0:00:02]} Rxc4 {[%emt 0:00:01]} 45. Rg6 {[%emt 0:00:00]} Rb4 {[%emt 0:00:00]} 46. Rxh6 {[%emt 0:00:02]} c4 {[%emt 0:00:01]} 47. Rc6 {[%emt 0:00:01]} Kd5 {[%emt 0:00:02]} 48. Rc8 {[%emt 0:00:01]} Rb2+ {[%emt 0:00:03]} 49. Kg1 {[%emt 0:00:03]} b5 {[%emt 0:00:02]} 50. h4 {[%emt 0:00:01]} b4 {[%emt 0:00:01]} 51. h5 {[%emt 0:00:01]} Ra2 {[%emt 0:00:08]} 52. h6 {[%emt 0:00:03]} Ra7 {[%emt 0:00:01]} 53. g4 {[%emt 0:00:02]} b3 {[%emt 0:00:02]} 54. g5 {[%emt 0:00:02]} b2 {[%emt 0:00:01]} 55. Rb8 {[%emt 0:00:01]} c3 {[%emt 0:00:01]} 56. Kf2 {[%emt 0:00:06]} c2 {[%emt 0:00:02]} 0-1

[Event "IMSA Blitz Women 2019"]
[Site "Hengshui"]
[Date "2019.05.17"]
[Round "1.12"]
[White "Stefanova, Antoaneta"]
[Black "Krush, Irina"]
[Result "1-0"]
[WhiteElo "2470"]
[BlackElo "2422"]
[Annotator "RC"]
[PlyCount "73"]
[EventDate "2019.05.17"]
[EventType "blitz"]
[EventCountry "CHN"]
[SourceTitle "playchess.com"]
[Source "ChessBase"]
[SourceQuality "1"]
[TimeControl "180+2"]

1. d4 {[%emt 0:00:00]} d5 {[%emt 0:00:00]} 2. Bf4 {[%emt 0:00:00]} Nf6 {[%emt 0:00:02]} 3. e3 {[%emt 0:00:01]} c5 {[%emt 0:00:03]} 4. c3 {[%emt 0:00:05]} Nc6 {[%emt 0:00:02]} 5. Nd2 {[%emt 0:00:04]} Bf5 {[%emt 0:00:27]} 6. Ngf3 {[%emt 0:00:10]} e6 {[%emt 0:00:05]} 7. Ne5 {[%emt 0:00:32]} Nd7 {[%emt 0:00:39]} 8. Nxc6 {[%emt 0:00:38]} bxc6 {[%emt 0:00:02]} 9. Be2 {[%emt 0:00:04]} Be7 {[%emt 0:00:03]} 10. O-O {[%emt 0:00:02]} O-O {[%emt 0:00:01]} 11. h3 {[%emt 0:00:00]} cxd4 {[%emt 0:00:11]} 12. exd4 {[%emt 0:00:05]} c5 {[%emt 0:00:02]} 13. Nf3 {[%emt 0:00:05]} Qb6 {[%emt 0:00:06]} 14. b3 {[%emt 0:00:02]} Rac8 {[%emt 0:00:09]} 15. Qd2 {[%emt 0:00:14]} Nf6 {[%emt 0:00:09]} 16. c4 {[%emt 0:00:19]} Rfd8 {[%emt 0:00:11]} 17. Qb2 {[%emt 0:00:08]} dxc4 {[%emt 0:00:09]} 18. dxc5 {[%emt 0:00:05]} Bxc5 {[%emt 0:00:30]} 19. Bxc4 {[%emt 0:00:01]} Ne4 {[%emt 0:00:02]} 20. Qe2 {[%emt 0:00:04]} h6 {[%emt 0:00:08]} 21. Ne5 {[%emt 0:00:20]} Bd4 {[%emt 0:00:13]} 22. Rac1 {[%emt 0:00:04]} Bxe5 {[%emt 0:00:13]} 23. Bxe5 {[%emt 0:00:02]} Rd2 {[%emt 0:00:01]} 24. Qf3 {[%emt 0:00:17]} Rxa2 {[%emt 0:00:02]} 25. g4 {[%emt 0:00:06]} Nd2 {[%emt 0:00:05]} 26. Qf4 {[%emt 0:00:06]} Bg6 {[%emt 0:00:08]} 27. Rfd1 {[%emt 0:00:06]} Nxc4 {[%emt 0:00:08]} 28. bxc4 {[%emt 0:00:01]} a5 {[%emt 0:00:02]} 29. Bd4 {[%emt 0:00:04]} Qb3 {[%emt 0:00:01]} 30. Qe5 {[%emt 0:00:04]} f6 {[%emt 0:00:01]} 31. Qxe6+ {[%emt 0:00:01]} Kh7 {[%emt 0:00:01]} 32. Qxc8 {[%emt 0:00:01]} Qxh3 {[%emt 0:00:01]} 33. Qe6 {[%emt 0:00:03]} h5 {[%emt 0:00:04]} 34. Rc3 {[%emt 0:00:01]} Qh4 {[%emt 0:00:04]} 35. Rg3 {[%emt 0:00:04]} a4 36. g5 fxg5 37. Qe7 1-0

[Event "IMSA Blitz Women 2019"]
[Site "Hengshui"]
[Date "2019.05.17"]
[Round "1.13"]
[White "Paehtz, Elisabeth"]
[Black "Koneru, Humpy"]
[Result "0-1"]
[WhiteElo "2470"]
[BlackElo "2553"]
[Annotator "TA"]
[PlyCount "122"]
[EventDate "2019.05.17"]
[EventType "blitz"]
[EventCountry "CHN"]
[SourceTitle "playchess.com"]
[Source "ChessBase"]
[SourceQuality "1"]

{[%evp 10,122,13,9,21,-11,0,0,13,0,-11,-15,0,-20,-21,-22,-20,-48,-42,-47,-26,-22,-20,-35,-20,-31,0,0,0,-92,0,-67,-49,-48,-58,-56,-54,-92,-99,-125,-119,-124,-113,-145,-150,-160,-137,-145,-119,-125,-118,-141,-141,-283,-288,-351,-352,-355,-355,-341,-147,-130,0,-342,402,-441,-438,-418,0,-371,-241,-377,-373,-487,-350,-333,-328,-592,-582,-493,-359,-327,-84,-420,-405,-429,-413,-1340,-1558,-1547,-1401,-3460,-3077,-3146,-2428,-1462,-1241,-2519,-2410,-4622,-4204,-2394,-3727,-2695,-2079,-5800,-4622,-4622,-4618,-29978,-4618,-29988,-29989,-29989,-29990]} 1. d4 d5 2. Bf4 Nf6 3. e3 Bf5 4. Nf3 e6 5. Bd3 Bxd3 6. cxd3 Bd6 {D02: 1 d4 d5 2 Nf3 sidelines, including 2...Nf6 3 g3 and 2...Nf6 3 Bf4} 7. Bg3 O-O (7... Nbd7 8. Bxd6 cxd6 9. Qb3 Qb6 10. Qxb6 Nxb6 11. Nc3 Ke7 12. Kd2 Rhc8 13. Rhc1 a6 14. Ne2 {½-½ (30) Zhou,J (2615)-Ma,Q (2629) Hangzhou 2018}) 8. Nc3 Nbd7 {The position is equal.} 9. Qb3 Bxg3 10. hxg3 b6 11. Qd1 $146 ({Predecessor:} 11. Ne5 Nxe5 12. dxe5 Ng4 13. d4 f6 14. exf6 Qxf6 {½-½ (39) Lenz,J (947)-Csoma,B (1023) LSS email 2014}) 11... c5 12. Qe2 Rc8 13. Ne5 cxd4 14. exd4 h6 15. g4 Nxe5 16. dxe5 Nd7 17. d4 f6 18. exf6 Qxf6 19. O-O-O (19. O-O $11) 19... e5 (19... b5 $17 {aiming for ...b4.} 20. Kb1 b4) 20. Kb1 (20. dxe5 $11 Qxe5 21. Qxe5 Nxe5 22. f3) 20... Qxf2 $15 21. Qb5 {[%mdl 64] Double Attack} exd4 22. Qxd5+ {[%mdl 64] Double Attack} Qf7 $1 23. Qxd4 Nf6 24. g5 Qg6+ {[%mdl 64] Double Attack} ({Reject} 24... hxg5 $6 25. Qe5 $11) 25. Ka1 Qxg5 26. Ne4 Nxe4 27. Qxe4 Kh8 28. a3 a5 29. Rd6 {[#]} Rf6 $1 30. Rd5 Qg6 31. Qd4 (31. Qxg6 $17 Rxg6 32. Rd2) 31... Qxg2 $19 32. Rd1 Rcf8 33. Ka2 Qg6 34. Rd7 R6f7 (34... Rf1 $19 {and Black stays clearly on top.} 35. Rd3 Qe6+ 36. Rb3 R1f6) 35. Rd6 $17 Rf6 $2 (35... Qh5 $17 36. Qxb6 Rf1) 36. Rd7 $1 $19 Kh7 $4 {[%mdl 8192]} (36... Rf1 $19 37. Qc4 Rxd1 38. Rxd1 Kh7) 37. Rd2 $4 {[%mdl 8192]} (37. Rg1 $18 {is the narrow road to win.}) 37... R8f7 ({Not} 37... Rf1 38. Qc3 $19) 38. Rd8 Rf8 39. Rd7 $1 Qf5 40. Rd5 (40. Ka1 $142) 40... Qe6 41. Qd3+ Kh8 42. Qb3 Rf5 43. a4 $2 (43. Rd7 {was necessary.} Qxb3+ 44. Kxb3) 43... Rxd5 44. Rxd5 {[%mdl 4096] Endgame KQR-KQR} Qf6 45. Rb5 Rb8 $2 {[#]} (45... Qf3 $19 {White must now prevent ...Qxb3+.} 46. Qxf3 Rxf3 47. Rxb6 Kh7) 46. Qc4 $2 {[%mdl 8192]} (46. Rxa5 $1 $17 {[%mdl 512]} Qc6 (46... bxa5 47. Qxb8+) 47. Rb5) 46... Rd8 47. Qb3 Rd6 48. Qc4 (48. Qc2 $142) 48... Qe6 49. Qxe6 Rxe6 {KR-KR} 50. Kb3 Rc6 51. Re5 Kh7 52. Ka3 Kg6 53. Re3 h5 54. b4 axb4+ 55. Kxb4 h4 56. Kb5 Rf6 57. Rc3 Kh5 58. Rd3 g5 59. Rd8 h3 60. Rg8 h2 61. Rh8+ Rh6 {Accuracy: White = 21%, Black = 58%.} 0-1

[Event "IMSA Blitz Women 2019"]
[Site "Hengshui"]
[Date "2019.05.17"]
[Round "1.14"]
[White "Zhao, Xue"]
[Black "Abdumalik, Zhansaya"]
[Result "1-0"]
[WhiteElo "2485"]
[BlackElo "2464"]
[Annotator "TA"]
[PlyCount "123"]
[EventDate "2019.05.17"]
[EventType "blitz"]
[EventCountry "CHN"]
[SourceTitle "playchess.com"]
[Source "ChessBase"]
[SourceQuality "1"]

{[%evp 20,123,45,15,22,15,40,28,67,51,74,67,53,-73,-71,-65,-50,-68,-36,-22,-13,-168,37,25,68,0,31,35,63,77,77,34,44,8,269,188,165,114,112,112,110,113,199,150,167,159,163,164,156,93,93,73,75,64,95,77,86,68,64,0,93,93,127,86,133,127,130,120,162,162,226,156,151,151,222,222,222,222,148,0,25,18,103,0,108,0,1202,1163,1076,1055,1014,989,966,902,953,930,1220,1180,1063,982,894,843,10792,9621,29981,29981]} 1. Nf3 Nf6 2. c4 d6 3. d4 g6 4. g3 Nbd7 5. Bg2 e5 6. O-O Bg7 7. Nc3 O-O 8. e4 c6 9. Qc2 Re8 10. Rd1 Qe7 11. b3 exd4 {E68: King's Indian: Fianchetto: 6...Nbd7 7 0-0 e5 8 e4} 12. Nxd4 a5 (12... h5 13. Bg5 Nf8 14. Qd2 N8h7 15. Bh6 Bg4 16. Re1 Bh8 17. h3 Bd7 18. Rad1 Rad8 19. Nf5 Bxf5 20. exf5 {0-1 (43) Mamedyarov,S (2817)-Ganguly,S (2615) Kolkata 2018}) 13. Bf4 Ne5 {White has an edge.} 14. h3 Nfd7 15. Na4 $146 ({Predecessor:} 15. Be3 Nc5 16. f4 Ned7 17. Re1 Na6 18. a3 h5 19. Rab1 Ndc5 20. b4 axb4 21. axb4 {0-1 (49) Matjushin,G (2500)-Maximov,D (2485) Poltava 2009}) 15... Nc5 16. Nxc5 (16. Nb6 $14 {stays ahead.} Rb8 17. Rac1) 16... dxc5 $17 17. Ne2 f5 18. Nc3 $1 fxe4 (18... g5 $5 {[%cal Rg5f4]} 19. Bxe5 Qxe5 $15) 19. Nxe4 Bf5 {Strongly threatening ...Nf3+!} 20. Re1 $2 {[#]} (20. Rac1 $11 {and White stays safe.}) 20... Rad8 $2 (20... Nf3+ $1 $19 {[%mdl 512]} 21. Bxf3 Bxa1) 21. Rad1 $14 Rxd1 22. Rxd1 (22. Qxd1 $14 Rd8 23. Qe2) 22... Nf7 {[%cal Rf5e4]} 23. Re1 {Black must now prevent Nf6+!} Rd8 24. Qc1 Qf8 25. Bc7 Ra8 26. g4 Bd7 $2 {[%mdl 8192]} (26... Bxe4 $1 $11 27. Rxe4 (27. Bxe4 Nd6 $11) 27... a4) 27. Qf4 a4 28. Nf6+ (28. Bb6 $18) 28... Bxf6 $16 29. Qxf6 axb3 30. axb3 Nh6 (30... Re8 $16 31. Rxe8 Qxe8) 31. Qg5 Nf7 32. Qd2 Re8 33. Rxe8 Qxe8 34. Kh2 (34. Bb6 $142) 34... b5 35. Qf4 bxc4 36. bxc4 Qe6 37. Bb6 Qe7 38. Ba5 Qe5 39. Bc7 Qe6 $1 40. Qd2 Kg7 41. Qc3+ Qf6 42. Qe3 Qd4 43. Qe7 Kg8 44. Bg3 h5 (44... Qd3 {might work better.} 45. Qxc5 Be6 46. Qxc6 Qxc4 47. Qe8+ Kg7) 45. gxh5 gxh5 {[#]} 46. h4 $1 Bg4 (46... Bf5 $16 47. Bf3 (47. Bxc6 Qxc4 48. Bf3 Bg6 $16) 47... Bg4 48. Qe8+ (48. Bxc6 Qxc4 49. Qe8+ Kg7 $16) 48... Kg7 49. Bxc6 Qxc4) 47. Bxc6 $18 {And now Bd5! would win.} Qxc4 48. Qe8+ Kg7 49. Qe7 (49. Be5+ $1 $16 Nxe5 50. Qxe5+ Kf8 51. Qd6+ Kg7 52. Qe5+ Kf8 53. Qd6+ Kg7 54. Bd5) 49... Qd4 50. Be8 $36 {[%mdl 2048] Black is under pressure.} Qf6 (50... Qd5 $11 {keeps the balance.}) 51. Qe4 (51. Qxc5 $16 Bf3 52. Qc4) 51... Nd6 {[#]} (51... Bf3 $11 52. Qc4 Ne5) 52. Qe3 ({Reject} 52. Bxd6 $6 Qxf2+ 53. Qg2 Qxh4+ 54. Kg1 Qe1+ 55. Qf1 Qe3+ 56. Qf2 Qxe8 $11) (52. Qd5 $1 $16 Nf7 53. Qxc5) 52... Nxe8 $4 {[%mdl 8192]} (52... Nf5 $11 53. Qxc5 Nxh4) 53. Be5 c4 54. Bxf6+ Nxf6 55. Qe7+ Kg6 56. Qc7 Be2 57. Qg3+ Ng4+ 58. Kg2 Kf5 59. Qc7 Bd3 60. Qc5+ Kg6 61. Qg5+ Kf7 62. Qxh5+ {Accuracy: White = 50%, Black = 38%.} 1-0